[Event "11th dMP Batavia Blitz"]
[Site "Amsterdam NED"]
[Date "2019.03.01"]
[Round "1.1"]
[White "Lahaye, Rick"]
[Black "Arutinian, David"]
[Result "1/2-1/2"]
[BlackTitle "GM"]
[WhiteElo "2411"]
[BlackElo "2552"]
[WhiteFideId "1007092"]
[BlackFideId "13601741"]
[EventDate "2019.03.01"]

1. d4 Nf6 2. Nf3 e6 3. g3 b6 4. Bg2 Bb7 5. O-O Be7 6. c4 O-O 7. Nc3 Ne4 8. Qc2
Nxc3 9. Qxc3 Na6 10. Rd1 d5 11. cxd5 exd5 12. Ne5 Qd6 13. Bf4 Qe6 14. Bf3 c5 15.
Bg4 f5 16. Bf3 Bf6 17. h4 cxd4 18. Qxd4 Rad8 19. Qe3 Nc5 20. Rac1 Rfe8 21. Nd3
Qf7 22. Qd2 Ne4 23. Qb4 Rd7 24. Rc2 h6 25. h5 Ng5 26. Bxg5 hxg5 27. g4 f4 28.
Rdc1 d4 29. Qb5 Rde7 30. Bxb7 Rxb7 31. Rc8 Re7 32. R1c7 Qe6 33. Rxe7 Qxg4+ 34.
Kf1 Rxc8 35. Re8+ Kf7 36. Rxc8 Qh3+ 37. Ke1 Qxc8 38. Qd5+ Qe6 39. Qb7+ Qe7 40.
Qd5+ Qe6 41. Qb7+ Kg8 42. Qa8+ Kh7 43. f3 a5 44. b3 Be7 45. Nf2 g4 46. Nxg4 d3
47. Qe4+ Qxe4 48. fxe4 Bb4+ 49. Kd1 d2 50. a3 Bxa3 51. Kxd2 Kg8 52. Kd3 b5 53.
Ne5 Bc5 54. Ng6 Be3 55. Ne7+ Kf7 56. Nd5 Bc1 57. Nc7 a4 58. Nxb5 axb3 59. Nd4 b2
60. Kc2 Kf6 61. Nf3 Ke6 62. Kb1 Kf6 63. Kc2 Ke6 64. Kb1 1/2-1/2

[Event "11th dMP Batavia Blitz"]
[Site "Amsterdam NED"]
[Date "2019.03.01"]
[Round "1.1"]
[White "Meissner, Felix"]
[Black "Warmerdam, Max"]
[Result "1/2-1/2"]
[WhiteTitle "FM"]
[BlackTitle "IM"]
[WhiteElo "2378"]
[BlackElo "2450"]
[WhiteFideId "24671827"]
[BlackFideId "1048104"]
[EventDate "2019.03.01"]

1. e4 e5 2. Nf3 Nc6 3. g3 Nf6 4. d3 Bc5 5. Bg2 O-O 6. O-O d6 7. Nc3 a5 8. Nd5
Nxd5 9. exd5 Ne7 10. d4 exd4 11. Nxd4 Nf5 12. Nb3 Bb6 13. a4 Qf6 14. c3 Ne7 15.
Nd2 Bf5 16. Nc4 Bc5 17. Be3 Bxe3 18. Nxe3 Bd7 19. Qb3 b6 20. Qc4 Rac8 21. Rae1
Ng6 22. f4 Rfe8 23. Nc2 Ne7 24. Nd4 Nf5 25. Rxe8+ Bxe8 26. Nxf5 Qxf5 27. Re1 Qd7
28. b3 Qd8 29. Qe4 Bd7 30. Qd4 Qf6 31. Qxf6 gxf6 32. Re7 Rd8 33. Bf1 Kf8 34. Re3
Bf5 35. Bd3 Bxd3 36. Rxd3 Rb8 37. c4 Re8 38. Kf2 Re4 39. Re3 Rd4 40. Ke2 f5 41.
Rd3 Rxd3 42. Kxd3 Ke7 1/2-1/2

[Event "11th dMP Batavia Blitz"]
[Site "Amsterdam NED"]
[Date "2019.03.01"]
[Round "1.1"]
[White "Kuipers, Stefan"]
[Black "Pijpers, Arthur"]
[Result "1-0"]
[WhiteTitle "IM"]
[BlackTitle "IM"]
[WhiteElo "2455"]
[BlackElo "2490"]
[WhiteFideId "1018400"]
[BlackFideId "1019554"]
[EventDate "2019.03.01"]

1. e4 Nf6 2. Nc3 d5 3. exd5 Nxd5 4. Bc4 Nxc3 5. Qf3 e6 6. dxc3 Qf6 7. Qe2 Nc6 8.
Nf3 h6 9. Be3 Bd6 10. O-O-O Bd7 11. Nd2 Ne5 12. Ne4 Qe7 13. Bb3 Bc6 14. Nxd6+
cxd6 15. f4 Nd7 16. Rhe1 a5 17. Bc4 a4 18. a3 O-O 19. g4 d5 20. Bd3 Nc5 21. Bxc5
Qxc5 22. g5 hxg5 23. Qh5 g6 24. Bxg6 fxg6 25. Qxg6+ Kh8 26. Rxe6 Be8 27. Qh6+
Kg8 28. Qxg5+ 1-0

[Event "11th dMP Batavia Blitz"]
[Site "Amsterdam NED"]
[Date "2019.03.01"]
[Round "1.1"]
[White "Williams, Simon K"]
[Black "Leenhouts, Koen"]
[Result "0-1"]
[WhiteTitle "GM"]
[BlackTitle "IM"]
[WhiteElo "2471"]
[BlackElo "2443"]
[WhiteFideId "404454"]
[BlackFideId "1008439"]
[EventDate "2019.03.01"]

1. d4 Nf6 2. Nc3 d5 3. Bf4 e6 4. e3 Bd6 5. Bd3 b6 6. Qf3 Ba6 7. Nb5 Bxf4 8. Qxf4
Bxb5 9. Bxb5+ c6 10. Bd3 Nbd7 11. Nf3 h6 12. h4 Qb8 13. g3 Qxf4 14. gxf4 g6 15.
Ne5 Rc8 16. c4 c5 17. dxc5 Nxc5 18. Ke2 Nxd3 19. Kxd3 dxc4+ 20. Nxc4 Ke7 21.
Rac1 Rhd8+ 22. Ke2 Ne4 23. a4 a6 24. Kf3 Rxc4 0-1

[Event "11th dMP Batavia Blitz"]
[Site "Amsterdam NED"]
[Date "2019.03.01"]
[Round "1.1"]
[White "Van der Wiel, John T.H."]
[Black "Lopez, Jasel"]
[Result "1-0"]
[WhiteTitle "GM"]
[BlackTitle "FM"]
[WhiteElo "2394"]
[BlackElo "2388"]
[WhiteFideId "1000020"]
[BlackFideId "15900045"]
[EventDate "2019.03.01"]

1. e4 e6 2. d4 d5 3. Nd2 Nf6 4. e5 Nfd7 5. f4 c5 6. c3 Nc6 7. Ndf3 Qb6 8. a3 Be7
9. Ne2 a5 10. f5 cxd4 11. cxd4 exf5 12. Nf4 O-O 13. Nxd5 Qd8 14. Be2 Nb6 15.
Nxe7+ Qxe7 16. Bg5 Qe6 17. O-O h6 18. Bd2 Rd8 19. Bc3 Qe7 20. Qe1 Be6 21. Qg3
Rd7 22. Bb5 Rd5 23. Bxc6 bxc6 24. Nh4 Qg5 25. Qxg5 hxg5 26. Nxf5 Bxf5 27. Rxf5
f6 28. Raf1 Kf7 29. Rxg5 Na4 30. h4 Rb8 31. exf6 gxf6 32. Rxd5 cxd5 33. Bxa5
Rxb2 34. Bd8 Nc3 35. Bxf6 Ne2+ 36. Kh2 Kg6 37. Be5 Ra2 38. Kh3 Rxa3+ 39. Kg4 Rd3
40. h5+ Kh7 41. Rf7+ Kh6 42. Bf4+ 1-0

[Event "11th dMP Batavia Blitz"]
[Site "Amsterdam NED"]
[Date "2019.03.01"]
[Round "1.2"]
[White "Arutinian, David"]
[Black "Lahaye, Rick"]
[Result "1-0"]
[WhiteTitle "GM"]
[WhiteElo "2552"]
[BlackElo "2411"]
[WhiteFideId "13601741"]
[BlackFideId "1007092"]
[EventDate "2019.03.01"]

1. c4 c5 2. Nf3 g6 3. d4 Bg7 4. e4 cxd4 5. Nxd4 Nc6 6. Be3 Nf6 7. Nc3 d6 8. Be2
O-O 9. O-O Nxd4 10. Bxd4 Nd7 11. Be3 a5 12. Qd2 Nc5 13. f3 Be6 14. Rab1 h5 15.
b3 Qb6 16. Rfc1 Rfc8 17. Rc2 Kh7 18. Bf1 Qd8 19. Kh1 Qf8 20. Bf2 Bh6 21. Qe1 Qh8
22. Rd1 Bg7 23. Nb5 Be5 24. Be3 Qf6 25. Nd4 g5 26. Rf2 h4 27. Ne2 Qh6 28. f4
gxf4 29. Nxf4 Rg8 30. Nxe6 Qxe6 31. Rf5 Rg4 32. Rh5+ Kg8 33. Bxc5 dxc5 34. Rxh4
Rg6 35. g3 Bd4 36. Bh3 Qe5 37. Qe2 Rg5 38. Rf1 a4 39. Qf3 Qg7 40. e5 axb3 41.
axb3 Ra1 42. Rxa1 Bxa1 43. e6 Re5 44. exf7+ Kf8 45. Kg2 Bd4 46. Rg4 Rg5 47. Rxg5
Qxg5 48. Bf5 Qd2+ 49. Kh3 Qh6+ 50. Kg4 Kxf7 51. h4 Kg7 52. Be4 Qe6+ 53. Qf5 Qb6
54. Qg5+ Kf8 55. Qf5+ Ke8 56. Bd5 Kd8 57. Qf8+ Kd7 58. Qf5+ Kd8 59. Be6 Qd6 60.
Kh3 Kc7 61. Bd5 Qh6 62. Qe4 Qf6 63. Bxb7 Qf1+ 64. Kg4 e6 65. Ba8 Kd7 66. Qc6+
Ke7 67. Qc7+ Ke8 68. Bc6+ 1-0

[Event "11th dMP Batavia Blitz"]
[Site "Amsterdam NED"]
[Date "2019.03.01"]
[Round "1.2"]
[White "Warmerdam, Max"]
[Black "Meissner, Felix"]
[Result "1-0"]
[WhiteTitle "IM"]
[BlackTitle "FM"]
[WhiteElo "2450"]
[BlackElo "2378"]
[WhiteFideId "1048104"]
[BlackFideId "24671827"]
[EventDate "2019.03.01"]

1. e4 g6 2. d4 Bg7 3. Nf3 d6 4. Bc4 Nf6 5. Qe2 c6 6. Bb3 e5 7. dxe5 dxe5 8. O-O
Qc7 9. Nbd2 O-O 10. Nc4 Nbd7 11. Rd1 Nc5 12. Nd6 Nxb3 13. axb3 Nh5 14. c4 b6 15.
b4 Be6 16. Be3 h6 17. c5 b5 18. Ra6 Kh7 19. h3 Rfd8 20. Qc2 Rd7 21. Rda1 Nf4 22.
Bxf4 exf4 23. Qd2 Kg8 24. e5 Bd5 25. Qxf4 Re7 26. Re1 Qd7 27. Nd4 Rf8 28. Qg3
Kh7 29. f4 f6 30. e6 Bxe6 31. Nxe6 Rxe6 32. Rxe6 Qxe6 33. f5 gxf5 34. Rxa7 Rg8
35. Qf4 Qe1+ 36. Kh2 Qe5 37. Qxe5 fxe5 38. Nxf5 h5 39. Re7 Kg6 40. Nxg7 Rxg7 41.
Rxe5 Rd7 42. Re6+ Kf5 43. Rxc6 Rd2 44. Rb6 1-0

[Event "11th dMP Batavia Blitz"]
[Site "Amsterdam NED"]
[Date "2019.03.01"]
[Round "1.2"]
[White "Pijpers, Arthur"]
[Black "Kuipers, Stefan"]
[Result "1-0"]
[WhiteTitle "IM"]
[BlackTitle "IM"]
[WhiteElo "2490"]
[BlackElo "2455"]
[WhiteFideId "1019554"]
[BlackFideId "1018400"]
[EventDate "2019.03.01"]

1. e4 e6 2. d4 d5 3. e5 c5 4. c3 Nc6 5. Nf3 Qc7 6. Be2 f6 7. Bf4 f5 8. O-O Nh6
9. c4 dxc4 10. d5 Nb4 11. d6 Qc6 12. Bxc4 Qe4 13. Bb5+ Bd7 14. Bxh6 Bxb5 15. Nc3
Qd3 16. Nxb5 Qxb5 17. Be3 Nd5 18. Bd2 g6 19. Rc1 Bg7 20. Ng5 Kd7 21. f4 Bh6 22.
Nh3 Rac8 23. a4 Qb6 24. Kh1 Rc6 25. Qe2 Rhc8 26. Qf2 Bg7 27. Qh4 Rh8 28. Ng5 Qd8
29. Qf2 Qb6 30. Bc3 h6 31. Nh3 g5 32. Rcd1 Nxc3 33. bxc3 g4 34. Qh4 Qd8 35.
Qxd8+ Rxd8 36. Nf2 Rb6 37. Rb1 Kc6 38. Nd3 Ra6 39. Ra1 Kd5 40. Kg1 Kc4 41. Rfd1
b6 42. Kf2 Kxc3 43. Ke3 Kc4 44. Rac1+ Kb3 45. Rd2 Kxa4 1-0

[Event "11th dMP Batavia Blitz"]
[Site "Amsterdam NED"]
[Date "2019.03.01"]
[Round "1.2"]
[White "Leenhouts, Koen"]
[Black "Williams, Simon K"]
[Result "1-0"]
[WhiteTitle "IM"]
[BlackTitle "GM"]
[WhiteElo "2443"]
[BlackElo "2471"]
[WhiteFideId "1008439"]
[BlackFideId "404454"]
[EventDate "2019.03.01"]

1. b3 e5 2. Bb2 e4 3. c4 Nf6 4. Qc2 d5 5. cxd5 Bf5 6. Nc3 c6 7. e3 cxd5 8. Bb5+
Nc6 9. Nge2 Bd6 10. Nxd5 O-O 11. Bxc6 bxc6 12. Nxf6+ gxf6 13. Ng3 Bg6 14. Nxe4
Be5 15. Bxe5 fxe5 16. O-O f5 17. Nc5 Qd6 18. f4 Rae8 19. Qc4+ Kh8 20. Qc3 Kg8
21. fxe5 Rxe5 22. Nd7 Qxd7 23. Qxe5 Re8 24. Qc3 Bf7 25. Rf3 Qd5 26. Rg3+ Bg6 27.
Rf1 Re4 28. d3 Rh4 29. e4 fxe4 30. Qf6 Qc5+ 31. d4 Qb4 32. Rxg6+ hxg6 33. Qxg6+
Kh8 34. Qf6+ Kg8 35. Qg5+ 1-0

[Event "11th dMP Batavia Blitz"]
[Site "Amsterdam NED"]
[Date "2019.03.01"]
[Round "1.3"]
[White "Kuipers, Stefan"]
[Black "Pijpers, Arthur"]
[Result "0-1"]
[WhiteTitle "IM"]
[BlackTitle "IM"]
[WhiteElo "2455"]
[BlackElo "2490"]
[WhiteFideId "1018400"]
[BlackFideId "1019554"]
[EventDate "2019.03.01"]

1. e4 Nf6 2. Nc3 d5 3. exd5 Nxd5 4. Bc4 Nb6 5. Bb3 e6 6. d4 Nc6 7. Nf3 Be7 8. a4
O-O 9. a5 Nd5 10. Ne4 a6 11. c3 Nf6 12. Qe2 Bd7 13. Bc2 g6 14. h4 Re8 15. h5
Nxe4 16. Qxe4 e5 17. hxg6 hxg6 18. d5 Bf5 19. Qe3 Bxc2 20. Qh6 Bf6 21. Bg5 e4
22. Qh7+ Kf8 23. Bh6+ Ke7 24. Ng5 Ne5 25. Bg7 Bxg7 26. Qxg7 Qxd5 27. Nh7 Qe6 28.
Qh6 Kd7 29. Qd2+ Bd3 30. Ng5 Qd6 31. Rh7 Rad8 32. Ra4 Kc8 33. Rd4 Qc6 34. Rxd8+
Rxd8 35. Nxf7 Qa4 36. f4 Qa1+ 37. Kf2 Qf1+ 38. Kg3 Nxf7 39. Rxf7 Qe2 40. Qc1 e3
41. Re7 Qd2 42. Qg1 e2 43. Qc5 0-1

[Event "11th dMP Batavia Blitz"]
[Site "Amsterdam NED"]
[Date "2019.03.02"]
[Round "2.1"]
[White "Pijpers, Arthur"]
[Black "Meissner, Felix"]
[Result "1-0"]
[WhiteTitle "IM"]
[BlackTitle "FM"]
[WhiteElo "2490"]
[BlackElo "2378"]
[WhiteFideId "1019554"]
[BlackFideId "24671827"]
[EventDate "2019.03.01"]

1. e4 c6 2. d4 g6 3. Nc3 d5 4. Nf3 dxe4 5. Nxe4 Nf6 6. Nxf6+ exf6 7. Bc4 Qe7+ 8.
Qe2 Qxe2+ 9. Kxe2 Be6 10. Bd3 Bg7 11. Bf4 O-O 12. Rhe1 a5 13. Kf1 Nd7 14. c3 a4
15. Nd2 f5 16. Nc4 b5 17. Ne5 Nxe5 18. Bxe5 Rfe8 19. Bxg7 Kxg7 20. f4 Bd5 21. g3
f6 22. Kf2 Kf7 23. Bf1 h5 24. h4 Rab8 25. Bd3 Rbc8 26. Re3 Rb8 27. Bc2 Rxe3 28.
Kxe3 Re8+ 29. Kd2 Ra8 30. Bd3 Re8 31. a3 Bc4 32. Rd1 Ke7 33. Re1+ Kd7 34. Re3
Rxe3 35. Kxe3 Be6 36. Kd2 Kd6 37. c4 bxc4 38. Be2 Kd5 39. Kc3 Ke4 40. Bxc4 Bd7
41. Bf7 Kf3 42. Bxg6 Kxg3 43. Bxh5 Kxh4 44. Bd1 Kg3 45. Bxa4 Kxf4 46. d5 Ke3 47.
Bxc6 Bc8 48. d6 1-0

[Event "11th dMP Batavia Blitz"]
[Site "Amsterdam NED"]
[Date "2019.03.02"]
[Round "2.1"]
[White "Warmerdam, Max"]
[Black "Arutinian, David"]
[Result "1-0"]
[WhiteTitle "IM"]
[BlackTitle "GM"]
[WhiteElo "2450"]
[BlackElo "2552"]
[WhiteFideId "1048104"]
[BlackFideId "13601741"]
[EventDate "2019.03.01"]

1. e4 c6 2. d4 d5 3. exd5 cxd5 4. Bd3 Nc6 5. c3 Qc7 6. h3 g6 7. Ne2 Bf5 8. Bf4
Qd7 9. Bb5 Nf6 10. Nd2 a6 11. Ba4 Bg7 12. O-O O-O 13. Ng3 b5 14. Bb3 Bd3 15. Re1
a5 16. a4 b4 17. Nf3 Bc4 18. Ne5 Qb7 19. Nxc4 dxc4 20. Bxc4 e6 21. Qf3 bxc3 22.
bxc3 Rfc8 23. Bg5 Ne8 24. Ne4 h6 25. Nc5 Qa7 26. Bf4 Kh7 27. Bb5 Ne7 28. Rad1
Nd5 29. Bg3 Rd8 30. Ne4 Rac8 31. c4 Nb4 32. Bxe8 Rxe8 33. Nd6 Nc2 34. Nxe8 Rxe8
35. Re4 f5 36. Qe2 fxe4 37. Qxc2 Bxd4 38. Qxe4 e5 39. Rb1 Re7 40. Rb5 Rf7 41.
Kh2 Bxf2 42. Bxf2 Qxf2 43. Rxe5 h5 44. c5 Qf4+ 45. Qxf4 Rxf4 46. c6 Rc4 47. Re7+
Kh6 48. c7 h4 49. Kg1 Rc2 50. Kf1 Kg5 51. Rf7 Kh6 52. Ke1 g5 53. Kd1 Rc5 54. Kd2
Kg6 55. Rd7 Kf5 56. Kd3 Kf4 57. Rd4+ 1-0

[Event "11th dMP Batavia Blitz"]
[Site "Amsterdam NED"]
[Date "2019.03.02"]
[Round "2.1"]
[White "Lopez, Jasel"]
[Black "Williams, Simon K"]
[Result "0-1"]
[WhiteTitle "FM"]
[BlackTitle "GM"]
[WhiteElo "2388"]
[BlackElo "2471"]
[WhiteFideId "15900045"]
[BlackFideId "404454"]
[EventDate "2019.03.01"]

1. d4 e6 2. c4 b6 3. e4 Bb7 4. f3 f5 5. e5 d6 6. Nc3 dxe5 7. dxe5 Qxd1+ 8. Nxd1
Nc6 9. f4 Nd4 10. Ne3 O-O-O 11. Bd2 a5 12. O-O-O Bc5 13. Ne2 Ne7 14. Nxd4 Bxd4
15. h4 Be4 16. Nc2 Bc5 17. Rh3 Nc6 18. Rg3 g6 19. Be3 Rxd1+ 20. Kxd1 Rd8+ 21.
Kc1 Bxe3+ 22. Rxe3 Bxc2 23. Kxc2 Nb4+ 24. Kb3 Rd2 25. a3 Nc6 26. g3 Rf2 27. Bd3
Nd4+ 28. Kc3 c5 29. Bb1 h5 30. Rd3 Rf1 31. Bc2 Rg1 32. Ba4 Kd8 33. Bd1 Ke7 34.
b4 Rg2 35. bxc5 bxc5 36. a4 Ra2 37. Re3 Ra1 38. Bb3 Rb1 39. Bc2 Rb4 40. Bd1 Kd7
41. Rd3 Kc7 42. Rd2 Rb1 43. Kd3 Ra1 44. Ke3 Nc6 45. Kf2 Rc1 46. Be2 Nd4 47. Bf1
Ra1 0-1

[Event "11th dMP Batavia Blitz"]
[Site "Amsterdam NED"]
[Date "2019.03.02"]
[Round "2.1"]
[White "Van der Wiel, John T.H."]
[Black "Lahaye, Rick"]
[Result "1-0"]
[WhiteTitle "GM"]
[WhiteElo "2394"]
[BlackElo "2411"]
[WhiteFideId "1000020"]
[BlackFideId "1007092"]
[EventDate "2019.03.01"]

1. e4 c5 2. Nf3 d6 3. Bb5+ Nd7 4. d4 cxd4 5. Qxd4 a6 6. Bxd7+ Bxd7 7. Bg5 h6 8.
Bh4 Rh7 9. e5 g5 10. Bg3 dxe5 11. Nxe5 Bf5 12. Qc4 Rc8 13. Qa4+ Bd7 14. Nxd7
Qxd7 15. Qxd7+ Kxd7 16. Nc3 e6 17. O-O-O+ Kc6 18. h4 g4 19. Rd4 b5 20. Rxg4 Nf6
21. Rf4 Nh5 22. Rf3 b4 23. Ne2 Nxg3 24. Rxg3 Bc5 25. Rf3 a5 26. Rd1 a4 27. c3
Kb6 28. cxb4 Bxf2+ 29. Nc3 Bxh4 30. Rd7 Rg8 31. Nxa4+ Kc6 32. Ra7 Rxg2 33. Rc3+
Kd6 34. b5 Bf2 35. b6 Rhg7 36. Ra6 Bg3 37. b7+ Kd5 38. Rxg3 R7xg3 39. Nc3+ 1-0

[Event "11th dMP Batavia Blitz"]
[Site "Amsterdam NED"]
[Date "2019.03.02"]
[Round "2.1"]
[White "Leenhouts, Koen"]
[Black "Kuipers, Stefan"]
[Result "1/2-1/2"]
[WhiteTitle "IM"]
[BlackTitle "IM"]
[WhiteElo "2443"]
[BlackElo "2455"]
[WhiteFideId "1008439"]
[BlackFideId "1018400"]
[EventDate "2019.03.01"]

1. b3 d5 2. Bb2 Bg4 3. Nf3 Bxf3 4. gxf3 e6 5. e3 Nf6 6. c4 c6 7. Qc2 g6 8. Nc3
Bg7 9. Be2 Nbd7 10. h4 Qe7 11. O-O-O O-O-O 12. h5 Nxh5 13. cxd5 exd5 14. Nxd5
Bxb2+ 15. Kxb2 Qe5+ 16. Nc3 Kb8 17. f4 Qa5 18. Bxh5 gxh5 19. Ne4 f6 20. Qc3 Qf5
21. Ng3 Qe6 22. Rxh5 Nb6 23. d4 Nd5 24. Qc2 Qg4 25. Qe2 Nxe3 26. fxe3 Qxg3 27.
d5 cxd5 28. Rhxd5 Rxd5 29. Rxd5 a6 30. Qd3 h5 31. Rd7 Qg2+ 32. Ka3 Qc6 33. Rd6
Qc1+ 34. Ka4 Rc8 35. Rxf6 b5+ 36. Ka5 Qa3+ 37. Kb6 Qc5+ 38. Ka5 Qa3+ 39. Kb6
Qc5+ 40. Ka5 Qa3+ 41. Kb6 Qc5+ 42. Ka5 Qa3+ 43. Kb6 Qc5+ 44. Ka5 Qc7+ 45. Kb4
Qc5+ 46. Ka5 Qc7+ 47. Kb4 Qc5+ 48. Ka5 Qc7+ 49. Kb4 Qc5+ 50. Ka5 Qc7+ 51. Kb4
a5+ 52. Kxb5 Qc5+ 53. Ka6 Qa7+ 54. Kb5 Qc5+ 55. Ka6 Qa7+ 56. Kb5 Qc5+ 57. Ka6
Qa7+ 58. Kb5 Qc5+ 59. Ka6 Qa7+ 1/2-1/2

[Event "11th dMP Batavia Blitz"]
[Site "Amsterdam NED"]
[Date "2019.03.02"]
[Round "2.2"]
[White "Meissner, Felix"]
[Black "Pijpers, Arthur"]
[Result "0-1"]
[WhiteTitle "FM"]
[BlackTitle "IM"]
[WhiteElo "2378"]
[BlackElo "2490"]
[WhiteFideId "24671827"]
[BlackFideId "1019554"]
[EventDate "2019.03.01"]

1. d4 Nf6 2. Nc3 g6 3. e4 d6 4. f4 Bg7 5. Bd3 O-O 6. Nf3 Na6 7. O-O c5 8. d5 Bg4
9. Bc4 Nc7 10. a4 b6 11. h3 Bxf3 12. Qxf3 a6 13. Qd3 Qc8 14. Bd2 Qb7 15. Rae1
Nd7 16. e5 dxe5 17. f5 e4 18. Qxe4 Nf6 19. Qf3 b5 20. Rxe7 bxc4 21. Qf4 Nfxd5
22. Nxd5 Qxd5 23. Qxc7 Qxd2 24. fxg6 Qd4+ 25. Kh1 fxg6 26. Rfe1 Rac8 27. Qb7
Qxb2 28. Qd5+ Kh8 29. Qxc4 Qd4 30. Qxa6 Bf6 31. R7e4 Qd7 32. a5 Ra8 33. Qb6 Qa7
34. Qd6 Rad8 35. Qc6 Qxa5 36. Re6 Bg7 37. R6e2 Qc3 38. Qe6 Qd4 39. Qc6 Qd5 40.
Qc7 Qd6 41. Qb7 Rd7 42. Qb5 Rdf7 43. Re6 Qd5 44. R6e3 Rf5 45. Rd3 Rf1+ 0-1

[Event "11th dMP Batavia Blitz"]
[Site "Amsterdam NED"]
[Date "2019.03.02"]
[Round "2.2"]
[White "Arutinian, David"]
[Black "Warmerdam, Max"]
[Result "0-1"]
[WhiteTitle "GM"]
[BlackTitle "IM"]
[WhiteElo "2552"]
[BlackElo "2450"]
[WhiteFideId "13601741"]
[BlackFideId "1048104"]
[EventDate "2019.03.01"]

1. Nf3 d5 2. c4 d4 3. e3 Nc6 4. exd4 Nxd4 5. Nxd4 Qxd4 6. d3 Nh6 7. Nc3 c6 8.
Be2 g6 9. O-O Nf5 10. Bg4 Bg7 11. Re1 O-O 12. Bg5 h6 13. Bxf5 Bxf5 14. Bxe7 Rfe8
15. Re3 Qd7 16. Bc5 Rxe3 17. Bxe3 Qxd3 18. Qb3 b6 19. Qa4 Qc2 20. Qa3 Rd8 21. h3
Bf8 22. Qxa7 Qxb2 23. Rc1 Rd3 24. Na4 Qxa2 25. Qa8 Rxe3 26. fxe3 Be4 0-1

[Event "11th dMP Batavia Blitz"]
[Site "Amsterdam NED"]
[Date "2019.03.02"]
[Round "2.2"]
[White "Lahaye, Rick"]
[Black "Van der Wiel, John T.H."]
[Result "1/2-1/2"]
[BlackTitle "GM"]
[WhiteElo "2411"]
[BlackElo "2394"]
[WhiteFideId "1007092"]
[BlackFideId "1000020"]
[EventDate "2019.03.01"]

1. c3 Nf6 2. g3 d5 3. Bg2 c6 4. d3 Bg4 5. Nd2 Nbd7 6. h3 Bh5 7. g4 Bg6 8. f4 e6
9. Ndf3 Bd6 10. d4 Ne4 11. e3 h5 12. g5 Ng3 13. Rh2 h4 14. Ne2 Nf5 15. Rh1 f6
16. Rf1 Qc7 17. b3 e5 18. gxf6 gxf6 19. fxe5 fxe5 20. Ng5 Nf8 21. e4 Ne7 22.
Rxf8+ Rxf8 23. Ne6 Qd7 24. Nxf8 Kxf8 25. Bg5 Bxe4 26. Bxe4 Qxh3 27. dxe5 Bxe5
28. Qd3 Qg4 29. Qf3+ Qxf3 30. Bxf3 h3 31. Kf2 h2 32. Bf4 Ng6 33. Bxe5 Nxe5 34.
Rh1 Ke7 35. Rxh2 Rf8 36. Rh3 Kd6 37. Ke3 a5 38. Nd4 a4 39. b4 Nc4+ 40. Kd3 Re8
41. Rh6+ Kc7 42. Re6 Rg8 43. Re7+ Kb6 44. Re2 Rg1 45. Ne6 Rd1+ 46. Kc2 Ra1 47.
Kd3 Rd1+ 48. Kc2 Ra1 49. Nd4 Rxa2+ 50. Kb1 Ra3 51. Rc2 c5 52. Bxd5 Ne3 53. bxc5+
Kxc5 54. Bxb7 Nxc2 55. Kxc2 Ra2+ 56. Kd3 Rh2 57. Bf3 a3 58. Nb3+ Kb5 59. Be2
Rxe2 60. Kxe2 Kc4 61. Na1 Kxc3 62. Kd1 Kb2 63. Nc2 a2 64. Kd2 a1=Q 65. Nxa1 Kxa1 1/2-1/2

[Event "11th dMP Batavia Blitz"]
[Site "Amsterdam NED"]
[Date "2019.03.10"]
[Round "9.1"]
[White "Leenhouts, Koen"]
[Black "Van Der Wiel, John"]
[Result "1-0"]
[WhiteElo "2393"]
[BlackElo "2391"]
[EventDate "2019.03.01"]

1. d4 Nf6 2. c4 e6 3. g3 d5 4. Nf3 dxc4 5. Bg2 c5 6. O-O Nc6 7. Qa4 Bd7 8.
Qxc4 b5 9. Qd3 c4 10. Qc2 Rc8 11. e4 Be7 12. Qe2 O-O 13. a4 a6 14. Rd1 Na5
15. axb5 axb5 16. Bg5 Nb3 17. Ra7 h6 18. Bxf6 Bxf6 19. e5 Be7 20. d5 Bc5
21. dxe6 Bxa7 22. exd7 Rc6 23. Nc3 Re6 24. Bh3 Rb6 25. Nd5 Ra6 26. Kh1 Nc5
27. Nb4 Rb6 28. Nd4 Nd3 29. Nbc6 Qc7 30. e6 fxe6 31. Qxe6+ Kh8 32. Rxd3
cxd3 33. Qe7 Rbb8 34. d8=Q Qxd8 35. Nxd8 Rbxd8 36. Ne6 1-0

[Event "11th dMP Batavia Blitz"]
[Site "Amsterdam NED"]
[Date "2019.03.10"]
[Round "9.2"]
[White "Arutinian, David"]
[Black "Meissner, Felix"]
[Result "0-1"]
[WhiteElo "2641"]
[BlackElo "2308"]
[EventDate "2019.03.01"]

1. Nf3 Nf6 2. c4 b6 3. g3 Bb7 4. Bg2 e6 5. O-O c5 6. b3 Be7 7. Bb2 O-O 8.
e3 d6 9. Nc3 Nbd7 10. d4 cxd4 11. exd4 Ne4 12. d5 Nxc3 13. Bxc3 e5 14. Re1
Rc8 15. Bb2 a6 16. Qe2 f5 17. Nd4 Nc5 18. b4 Na4 19. Ne6 Qd7 20. Nxf8 Rxf8
21. Rac1 Nxb2 22. Qxb2 e4 23. Qb3 Kh8 24. Red1 Ba8 25. c5 dxc5 26. d6 Bg5
27. Rc2 f4 28. bxc5 f3 29. Bf1 e3 30. fxe3 bxc5 31. Rf2 h5 32. Re1 h4 33.
e4 Qg4 34. Bh3 Qxh3 35. Rxf3 Rxf3 36. Qxf3 hxg3 37. hxg3 Bf6 38. Rd1 Bd4+
39. Rxd4 cxd4 40. Qf8+ Kh7 41. Qxa8 Qxg3+ 42. Kh1 Qxd6 43. Kg1 d3 44. e5
Qd4+ 45. Kf1 d2 46. Qh1+ Kg8 47. Qa8+ Kf7 48. Qb7+ Kg6 49. Qg2+ Kf5 50.
Qh3+ Kxe5 51. Qh5+ Kd6 52. Qd1 Qe3 53. Kg2 g5 54. a4 Qe1 55. Qb3 d1=Q 56.
Qb6+ Ke5 57. Qc7+ Kf5 58. Qf7+ Ke4 59. Qe6+ Kd4 60. Qd6+ Kc4 61. Qc6+ Kb3
62. Qb6+ Ka2 0-1

[Event "11th dMP Batavia Blitz"]
[Site "Amsterdam NED"]
[Date "2019.03.10"]
[Round "9.3"]
[White "Pijpers, Arthur"]
[Black "Williams, Simon"]
[Result "1-0"]
[WhiteElo "2353"]
[BlackElo "2525"]
[EventDate "2019.03.01"]

1. e4 e6 2. d4 b6 3. Bd3 Bb7 4. Nf3 d6 5. c4 Nd7 6. Nc3 h6 7. O-O g5 8. Be3
Bg7 9. Ne1 Ne7 10. f4 gxf4 11. Rxf4 Ng6 12. Rf2 Qe7 13. Qh5 O-O-O 14. b4
Kb8 15. a4 Nf6 16. Qe2 d5 17. e5 Ne4 18. Bxe4 dxe4 19. c5 f5 20. exf6 Bxf6
21. Nc2 Bg5 22. a5 Bxe3 23. Qxe3 Qg5 24. Qxg5 hxg5 25. axb6 axb6 26. Re1
Nf4 27. Re3 Nd5 28. Nxd5 Bxd5 29. b5 Rdf8 30. Rxf8+ Rxf8 31. Rg3 Bc4 32.
Ne3 Bxb5 33. Rxg5 Bd3 34. cxb6 cxb6 35. h4 b5 36. Re5 b4 37. Rxe6 Kb7 38.
Nd5 Bc4 39. Re7+ Kc6 40. Nxb4+ Kb5 41. Nc2 Bd3 42. Ne3 Kc6 43. h5 Kd6 44.
Re5 Rf4 45. h6 Rf7 46. g4 Be2 47. g5 Bh5 48. Rf5 Rb7 49. Rf6+ Ke7 50. h7
Rb8 51. Rh6 1-0